Electroanalytical methods guide to experiments and applications /

Na minha lista:
Detalhes bibliográficos
Outros Autores: Scholz, F. (Fritz), Bond, A. M. (Alan Maxwell), 1946-
Formato: Livro
Idioma:inglês
Publicado em: Berlin ; New York Springer c2002.
Assuntos:
Acesso em linha:View in OPAC
Tags: Adicionar Tag
Sem tags, seja o primeiro a adicionar uma tag!

MARC

LEADER 00000cam a2200000 a 4500
005 20260127134131.0
008 021018s2002 gw a b 001 0 eng d
010 |a 2002-514845 
016 7 |a 963084844  |2 GyFmDB 
020 |a 3540422293 (acidfree paper) 
035 |a vtls008703240 
039 9 |y 200605241033  |z mschk03 
040 |a STUSCHK1  |b slo  |c STUSCHK1 
042 |a lccopycat 
072 7 |a QD  |2 lcco 
082 0 0 |a 543/.0871  |2 21 
245 0 0 |a Electroanalytical methods  |b guide to experiments and applications /  |c F. Scholz (ed.) ; with contributions by A.M. Bond ... [et al.]. 
260 |a Berlin ;  |a New York  |b Springer  |c c2002. 
300 |a xxii, 331 p.  |b ill.  |c 24 cm. 
504 |a Includes bibliographical references (p. [309]-318) and index. 
650 0 |a Electrochemical analysis. 
700 1 |a Scholz, F.  |q (Fritz) 
700 1 |a Bond, A. M.  |q (Alan Maxwell),  |d 1946- 
906 |a 7  |b cbc  |c copycat  |d 2  |e ncip  |f 20  |g y-gencatlg 
910 |a SCHK95 
919 |a 3-540-42229-3 
925 0 |a acquire  |b 2 shelf copy  |x policy default 
999 |c 4850  |d 4850